000 003520000a22001450004500
060 _a100
082 _a531.1 LON.02
100 _aLoney, S.L
245 _aElements of Statistics and Dynamics. Part II Dynamics
260 _aCambridge, At the University press
260 _c1957
300 _a193
650 _aStatistics / Dynamics
942 _cBK
999 _c364956
_d364956